000 00629nam a2200229Ia 4500
003 OSt
005 20220925232551.0
006 a|||||r|||| 00| 0
007 ta
008 220923b |||||||| |||| 00| 0 eng d
037 _cGeneral Book
040 _aRTL
_cRTL
_beng
041 _2eng
_aeng
082 _aX9(F55).2.P, P3
245 0 _aRELIANCE REVIEW of energy markets
260 _aMumbai
_bReliance Industries India
_c2003
300 _a390p.
_ccm.
490 _aReliance Industries, Energy Research Group
650 _aFuel
942 _hX9(F55).2.P, P3
_cGB
_2CC
999 _c591628
_d591628